000
00285nam a22001217a 4500
008
170607b xxu||||| |||| 00| 0 eng d
041
_a
eng
080
_a
32
100
_a
18
101
_a
SHP
245
_a
INTERNATIONAL POLITICS AND FOREIGN POLICY
_c
ROSENAU.J.N
942
_2
udc
_c
BK
999
_c
16211
_d
16211